| 000 | 00000cam 2200000zi 4500 |
| 001 | 9.957957 |
| 003 | CaOODSP |
| 005 | 20260605130324 |
| 006 | m o d f |
| 007 | cr mn||||||||| |
| 008 | 251203t20252025onc ofb f000 0 fre d |
| 020 | |a9780660975641 |
| 040 | |aCaOODSP|bfre|erda|cCaOODSP |
| 043 | |an-cn--- |
| 086 | 1 |aBT33-4/4-2025F-PDF |
| 245 | 00|aPrésentations au Conseil du Trésor pour les sociétés d'État. |
| 264 | 1|aOttawa, Ontario : |bSecrétariat du Conseil du trésor du Canada = Treasury Board of Canada Secretariat, |c2025. |
| 264 | 4|c©2025 |
| 300 | |a1 ressource en ligne (7 pages) |
| 336 | |atexte|btxt|2rdacontent/fre |
| 337 | |ainformatique|bc|2rdamedia/fre |
| 338 | |aressource en ligne|bcr|2rdacarrier/fre |
| 500 | |aTitre de la couverture. |
| 500 | |aPublié aussi en anglais sous le titre : Treasury Board submissions for Crown corporations. |
| 500 | |a« Publié : le 2025-11-17. » |
| 504 | |aComprend des références bibliographiques (page 7). |
| 610 | 16|aCanada. |bConseil du trésor|xRèglements et procédure. |
| 650 | 6|aSoumissions (Droit administratif)|zCanada|vGuides, manuels, etc. |
| 655 | 7|aGuides et manuels|2rvmgf |
| 710 | 1 |aCanada. |bConseil du trésor, |eorganisme de publication. |
| 775 | 08|tTreasury Board submissions for Crown corporations.|w(CaOODSP)9.957956 |
| 795 | |tGuide sur la préparation des présentations au Conseil du Trésor au nom des sociétés d'État (mise à jour).|b2024|w(CaOODSP)9.933864 |
| 856 | 40|qPDF|s851 Ko|uhttps://publications.gc.ca/collections/collection_2026/sct-tbs/BT33-4-4-2025-fra.pdf |
| 856 | 4 |qHTML|sS.O.|uhttps://www.canada.ca/fr/secretariat-conseil-tresor/services/presentations-conseil-tresor/guide-lintention-des-redacteurs-de-presentations-au-conseil-du-tresor/guide-presentations-sct-societes-etat.html |